Role lidského kapitálu v důchodovém systému

Rola ľudského kapitálu v dôchodkovom systéme Švajčiarska, Írska a Švédska. Fungovanie druhého piliera dôchodkového poistenia. Motivácia firiem do ľudského kapitálu svojich zamestnancov. Definícia ľudského kapitálu podľa OECD.

Saved in:
Bibliographic Details
Main Author: Musilová, Zdeňka
Format: Book Chapter
Language:Czech
Subjects:
Tags: Add Tag
No Tags, Be the first to tag this record!

MARC

LEADER 00000nla$a2200000$$$4500
001 0126929
005 20221107085302.8
041 0 |a cze 
044 |a CZ 
245 1 0 |a Role lidského kapitálu v důchodovém systému  |c Zdeňka Musilová 
520 |a Rola ľudského kapitálu v dôchodkovom systéme Švajčiarska, Írska a Švédska. Fungovanie druhého piliera dôchodkového poistenia. Motivácia firiem do ľudského kapitálu svojich zamestnancov. Definícia ľudského kapitálu podľa OECD. 
610 2 0 |a Švajčiarsko 
610 2 0 |a Švédsko 
610 2 0 |a Írsko 
610 2 0 |a politika sociálna 
610 2 0 |a systémy dôchodkové 
610 2 0 |a poistenie dôchodkové 
610 2 0 |a fondy penzijné 
610 2 0 |a čiastka poistná 
610 2 0 |a kapitál ľudský 
610 2 0 |a legislatíva 
100 1 |a Musilová, Zdeňka